Textile Waste Management in Fast Fashion and Solutions for Transition to a Circular Economy in the Industrial Company Chemosvit Fibrochem

Textilný priemysel je spájaný s negatívnymi vplyvmi na životné prostredie v dôsledku neustáleho používania pesticídov a znečisťujúcich farbív, nadmernej spotreby vody a elektriny a uvoľňovania emisií a znečisťujúcich výparov do ovzdušia. Textilný odpad končí na skládkach alebo sa spaľuje, čo predsta...

ver descrição completa

Na minha lista:
Detalhes bibliográficos
Autor principal: Bujda, Pavol
Formato: Capítulo de Livro
Idioma:inglês
Assuntos:
Tags: Adicionar Tag
Sem tags, seja o primeiro a adicionar uma tag!

MARC

LEADER 00000naa a2200000 4500
001 0312196
005 20250912090447.9
041 0 |a eng 
044 |a CZ 
245 1 0 |a Textile Waste Management in Fast Fashion and Solutions for Transition to a Circular Economy in the Industrial Company Chemosvit Fibrochem  |c Pavol Bujda 
520 |a Textilný priemysel je spájaný s negatívnymi vplyvmi na životné prostredie v dôsledku neustáleho používania pesticídov a znečisťujúcich farbív, nadmernej spotreby vody a elektriny a uvoľňovania emisií a znečisťujúcich výparov do ovzdušia. Textilný odpad končí na skládkach alebo sa spaľuje, čo predstavuje riziko znečistenia pôdy, vodných tokov a ovzdušia. Rastúce množstvo textilného odpadu a nedostatok technológií na jeho recykláciu vedú textilné spoločnosti k hľadaniu alternatívnych možností nakladania s týmto typom odpadu a k nevyhnutnému zavedeniu obehového hospodárstva. Článok zdôrazňuje dopady rýchlej módy a na základe výsledkov primárneho výskumu predstavuje odporúčania a možné riešenia pre riadenie obehového hospodárstva v konkrétnom priemyselnom podniku. 
610 2 0 |a hospodárstvo obehové 
610 2 0 |a recyklácia odpadu 
610 2 0 |a priemysel textilný 
610 2 0 |a podnik priemyselný 
610 2 0 |a ochrana prostredia životného 
100 1 |a Bujda, Pavol